000 00389nam a2200145Ia 4500
008 230917s9999||||xx |||||||||||||| ||und||
040 _e56470
_aMAIN
041 _aEnglish
082 _a338.6 C561I
100 _aClarkson, Kenneth W
245 0 _aIndustrial organization: theory evidence and public policy
260 _aAuckland
_bMcGraw-Hill
_c1983
300 _aix, 518 p.
942 _cBK
999 _c43437
_d43437